00638nam a2200205 i 4500001001300000003000400013005001700017008004100034010002200075025002000097050001700117100003200134245009400166260005900260300002100319500001300340650002500353700003700378999001700415sa 67003903 DLC20260227112342.0840919s1965 pk 00010 urdo  asa 67003903 //r84 aPL480: P-U-13610 aHQ743b.S86500aSurayyā Jabīn̲,d1946-10aMis̲ālī shādī /ctartīb va tālīf, Surayyā Jabīn̲ va Nis̲āruddīn.0 a[Lāhaur :bNaishnal Pablishing Kārporeshan,c1965] a272 p. ;c19 cm. aIn Urdu. 0aMarriage counseling.00aNis̲āruddīn,ejoint author. c74160d74160